Statistics for Countries starting with K

Click here to take the quiz!

General Stats

  • This quiz has been taken 33 times
  • The average score is 4 of 5

Answer Stats

Answer% Correct
Kyrgyzstan
91%
Kenya
88%
Kazakhstan
84%
Kiribati
75%
Kuwait
72%

Score Distribution

Percentile by Number Answered

Percent of People with Each Score

Your Score History

You have not taken this quiz